000 01238nam0a22002411 4500
001 rc\4636808
005 20250611213008.0
035 _a(NLR Aleph) 008407025
090 _a9272373
_c9272373
100 _a20130416d1962 |||y0rusy50 ca
101 0 _arus
102 _aRU
105 _ay z |||||
200 1 _aОпыт постройки и эксплуатации кузнечной каменной печи безокислительного нагрева
_e(Тезисы доклада)
_fД-р техн. наук, проф. А.А. Скворцов
_gИн-т использования газа АН УССР. Харьк. обл. правл. Науч.-техн. о-ва машиностроит. пром-сти. Харьк. дом техники Облсовета НТО. Науч.-техн. совещание по безокислит. нагреву стали в пром. печах. 15-17 мая 1962 г.
210 _aХарьков
_cБ. и.
_d1962
215 _a[1], 3 л.
_d29
300 _aНапеч. на ротаторе
700 1 _aСкворцов
_bА.А.
_gАлексей Анатольевич
801 0 _aRU
_bNLR
_gpsbo
801 1 _aRU
_bELAR
_2rusmarc
852 _aNLR
_j62-8/2174
942 _cBOOK
980 _aNB